History and doctrines of the Ajivikas : (Record no. 57499)
[ view plain ]
| 000 -LEADER | |
|---|---|
| fixed length control field | 00746nam a2200241 a 4500 |
| 001 - CONTROL NUMBER | |
| control field | 57499 |
| 003 - CONTROL NUMBER IDENTIFIER | |
| rucl marc code | BD-RjUL |
| 005 - DATE AND TIME OF LATEST TRANSACTION | |
| control field | 20211209080523.0 |
| 008 - FIXED-LENGTH DATA ELEMENTS--GENERAL INFORMATION | |
| fixed length control field | 161210s1951 enk 00100 eng d |
| 035 ## - SYSTEM CONTROL NUMBER | |
| System control number | (BD-RjUL)57623 |
| System control number | 834619 |
| 040 ## - CATALOGING SOURCE | |
| Original cataloging agency | ANL |
| Language of cataloging | eng |
| Modifying agency | BD-RjUL |
| Transcribing agency | BD-RjUL |
| 041 ## - LANGUAGE CODE | |
| Language code of text/sound track or separate title | eng |
| 082 0# - DEWEY DECIMAL CLASSIFICATION NUMBER | |
| Classification number | 294.5 |
| Edition number | 23 |
| Author mark and year | BAH 1951 |
| 100 1# - MAIN ENTRY--PERSONAL NAME | |
| Personal name | Basham, A. L. |
| Fuller form of name | (Arthur Llewellyn) |
| 9 (RLIN) | 170751 |
| 245 10 - TITLE STATEMENT | |
| Title | History and doctrines of the Ajivikas : |
| Remainder of title | a vanished Indian religion / |
| Statement of responsibility, etc. | A.L. Basham ; with a foreword by L.D. Barnett. |
| 260 ## - PUBLICATION, DISTRIBUTION, ETC. (IMPRINT) | |
| Place of publication, distribution, etc. | London : |
| Name of publisher, distributor, etc. | Luzac & Company, |
| Date of publication, distribution, etc. | 1951. |
| 300 ## - PHYSICAL DESCRIPTION | |
| Pagination | xxxii, 304 p. : |
| Illustrations | ill. ; |
| Size | 22 cm. |
| 500 ## - GENERAL NOTE | |
| General note | Includes index |
| 650 #0 - SUBJECT ADDED ENTRY--TOPICAL TERM | |
| Topical term or geographic name as entry element | Ajivikas. |
| 9 (RLIN) | 170752 |
| 700 ## - ADDED ENTRY--PERSONAL NAME | |
| Personal name | Barnett, L. D. |
| 942 ## - ADDED ENTRY ELEMENTS (KOHA) | |
| Source of classification or shelving scheme | Dewey Decimal Classification |
| Koha item type | Books |
| Lost status | Source of classification or shelving scheme | Damaged status | Not for loan | Collection code | Permanent Location | Current Location | Shelving location | Date acquired | Source of acquisition | Cost, normal purchase price | Total Checkouts | Full call number | Date last seen | Copy number | Koha item type |
|---|---|---|---|---|---|---|---|---|---|---|---|---|---|---|---|
| Dewey Decimal Classification | Not For Loan | Non-fiction | Central Library, University of Rajshahi | Central Library, University of Rajshahi | Reading Room | 05/11/1962 | Black well | 2.02 | 294.5 BAH 1951 | 10/12/2016 | C-1 | Books | |||
| Dewey Decimal Classification | Non-fiction | Central Library, University of Rajshahi | Central Library, University of Rajshahi | General Stacks | 12/01/1962 | Orient lib. rajshahi | 36.17 | 294.5 BAH 1951 | 31/08/2022 | C-2 | Books |